Statistics for JR東日本 乗務員区所

Click here to take the quiz!

General Stats

  • This quiz has been taken 75 times
  • The average score is 57 of 77

Answer Stats

ヒント答え% Correct
東京
95%
仙台
95%
東京
95%
仙台
95%
水戸
95%
千葉
95%
高崎
94%
宇都宮
94%
八王子
94%
秋田
91%
土浦
91%
横浜
91%
上野
91%
新潟
89%
新幹線運輸区盛岡
89%
盛岡
89%
我孫子
89%
甲府
89%
新潟
89%
長野
88%
いわき
88%
※以下首都圏(運輸区)※勝田
88%
郡山
86%
立川
84%
立川
84%
池袋
84%
新宿
84%
松本
84%
蘇我
84%
籠原
84%
大崎
83%
総合運輸区福島
83%
車掌区大宮
83%
山形
83%
大宮
83%
木更津
81%
川崎
80%
大船
80%
さいたま
77%
電車区中野
77%
中野
77%
さいたま
77%
一ノ関
75%
銚子
75%
習志野
75%
国府津
73%
長岡
73%
豊田
73%
小牛田
72%
新前橋
72%
八戸
70%
綾瀬
69%
鴨川
67%
原ノ町
67%
小金井
66%
新津
64%
会津若松
64%
佐倉
64%
水郡線
63%
運輸区つがる
63%
運転所田端
61%
丸の内
59%
運転区新庄
59%
相模原
59%
東所沢
58%
鶴見線
58%
大田
56%
宮城野
55%
小海線
52%
田町
45%
統括センター東能代
42%
営業所左沢線
42%
横手
41%
湘南・相模
38%
小田原・伊豆
38%
四季島
23%
庄内
20%

Score Distribution

Percentile by Number Answered

Percent of People with Each Score

Your Score History

You have not taken this quiz